000 00297nam a2200133Ia 4500
005 20251222154322.0
008 251222s9999||||xx |||||||||||||| ||spa||
020 _a84-206-1678-8
082 _a838.92/H48U
100 _a"Hesse, Hermann"
245 0 _aCuentos 2
250 _a4a.ed.
942 _cLIB
999 _c33817
_d33817